000 00572nam a2200217Ia 4500
003 OSt
005 20220918105339.0
006 a|||||r|||| 00| 0
007 ta
008 220915b |||||||| |||| 00| 0 eng d
024 _a43,070
037 _cReference Collections
040 _aARTS
_cARTS
_beng
041 _2eng
_aeng
082 _aP111:4k, 168L6
245 0 _aDaftari istelahat wa mukhawrat ki loghat english urdu
260 _c1976
650 _aLINGUISTICS
942 _hP111:4k, 168L6
_cREF
999 _c106173
_d106173